Statistiche per Ricostruisci la Carriera del Calciatore - Xabi Alonso

Clicka qui per fare il quiz!

Statistiche generali

  • Questo quiz è stato fatto 4 volte
  • Il punteggio medio è 2 su 6

Statistiche sulle risposte

HintRisposta% Corretto
1999-2000 Real Sociedad B
100%
2014-2017 Bayern Monaco
50%
2009-2014 Real Madrid
50%
2000-2001Eibar
0%
2004-2009 Liverpool
0%
2001-2004 Real Sociedad
0%

Distribuzione punteggi

Percentile per numero di risposta

Percentuale di utenti per punteggio

I tuoi punteggi nel tempo

Non hai fatto questo quiz